000 00612nam a2200241Ia 4500
003 OSt
005 20221007071307.0
006 a|||||r|||| 00| 0
007 ta
008 221006b |||||||| |||| 00| 0 eng d
024 _a25,025
037 _cTextual
040 _aFLL
_cFLL
_beng
041 _2eng
_aeng
082 _aZ3:924, G3
100 _aBrowne Denis
_9688460
245 0 _aPrinciples of equity
250 _a2nd
260 _aLondon
_bButterworth & Co. UK
_c1933
300 _axlix,520,30p
_ccm.
942 _hZ3:924, G3
_cTEXL
_2CC
999 _c1142967
_d1142967